Statistics for De- Vocabulary Words

Click here to take the quiz!

General Stats

  • This quiz has been taken 357 times
  • The average score is 8 of 20

Answer Stats

definitionword% Correct
What a train does when it comes off its tracksderail
98%
Fabric for making jeansdenim
95%
To lower in rankdemote
77%
Postponedelay
75%
Forcibly remove from a countrydeport
70%
Clean clothes and dishes using thisdetergent
66%
Ten sided figuredecagon
63%
Street marcher, especially against somethingdemonstrator
49%
What divers must do after a divedecompression
42%
To change directiondeviate
40%
To lower in dignity, status or characterdemean
33%
Shifty, cunning, slydevious
23%
Synonym of ^^defer
19%
Disobeydefy
18%
Stalematedeadlock
15%
To cheat or swindledefraud
15%
Abandonedderelict
10%
A machine with a specific purposedevice
10%
One tenth of a populationdecile
5%
To strongly disapprove ofdeplore
5%

Score Distribution

Percentile by Number Answered

Percent of People with Each Score

Your Score History

You have not taken this quiz